000 00281nam a22001337a 4500
008 170418b xxu||||| |||| 00| 0 eng d
020 _a9780073302089
041 _aeng
080 _a579
100 _a11
101 _aSHM
245 _aMICROBIOLOGY
_cWILEY.J.M
942 _2udc
_cBK
999 _c11047
_d11047